| 000 | 01300nam a2200349 i 4500 | ||
|---|---|---|---|
| 003 | EG-GICUC | ||
| 005 | 20260204182919.0 | ||
| 008 | 260108r20072008ua |||fr|||| 00| 0 ara d | ||
| 017 | _a10857/98 | ||
| 020 | _a9770423858 | ||
| 040 |
_a EG-GICUC _bara _c EG-GICUC _d EG-GICUC _erda |
||
| 041 | 0 | _aAra | |
| 082 | 0 | 4 |
_221 _a343.76811 _bع م . م |
| 092 | 0 | 4 | _221 |
| 099 | _aLaw1 10 343.76811 ع م . م 2007 | ||
| 100 | 0 |
_aعمر سالم _eمؤلف. |
|
| 245 | 1 | 0 |
_aملامح جديدة لنظام وقف التنفيذ فى الفقه القانون الجنائى / _cتأليف الدكتور عمر سالم. |
| 250 | _aالطبعة الثالثة | ||
| 264 | 1 |
_aالقاهرة : _bدار النهضة العربية، _c2007. |
|
| 300 |
_a261 صفحة، _c24 سم. _bإيضاحيات، صور، مثيليات ؛ |
||
| 336 |
_2rda content _atext |
||
| 337 |
_2rda media _aComputer |
||
| 338 |
_2rda carrier _aOnline Resource |
||
| 504 | _a ببليوجرافيا: صفحات 237-248. | ||
| 546 | _aالنص باللغة العربية | ||
| 650 | 1 |
_aإيقاف التنفيذ _2qrmak |
|
| 650 | 1 |
_aالقانون الجنائى _2qrmak |
|
| 651 | 1 | _2qrmak | |
| 856 | 4 | 0 | _uhttps://fll.law.cu.edu.eg/fulltext/bks/B10-07721.pdf |
| 905 |
_a54 _eYara |
||
| 942 |
_2ddc _cBK _e21 _n0 |
||
| 999 |
_c55518 _d55518 |
||